Obce by sa mali usilovať o čo najvyššiu mieru finančnej sebestačnosti

Napäté vzťahy medzi financiami obcí a štátnym rozpočtom, dotácie, návratná finančná výpomoc. Skupiny príjmov a výdavkov obcí a hospodárenie obcí, záverečný účet a kontrola. Zúčtovanie výdavkov rozpočtových organizácií.

Saved in:
Bibliographic Details
Main Author: Kočner, Marián
Format: Book Chapter
Language:Slovak
Subjects:
Tags: Add Tag
No Tags, Be the first to tag this record!

MARC

LEADER 00000naa a2200000 4500
001 r016718
005 20221213100952.7
041 0 |a slo 
044 |a SK 
245 1 0 |a Obce by sa mali usilovať o čo najvyššiu mieru finančnej sebestačnosti  |c M. Kočner 
520 |a Napäté vzťahy medzi financiami obcí a štátnym rozpočtom, dotácie, návratná finančná výpomoc. Skupiny príjmov a výdavkov obcí a hospodárenie obcí, záverečný účet a kontrola. Zúčtovanie výdavkov rozpočtových organizácií. 
610 2 0 |a obce 
610 2 0 |a rozpočet miestny 
610 2 0 |a rozpočet štátny 
610 2 0 |a hospodárenie finančné 
610 2 0 |a sebestačnosť 
610 2 0 |a dotácie 
610 2 0 |a príjmy 
610 2 0 |a výdavky 
610 2 0 |a poplatky 
610 2 0 |a účty 
610 2 0 |a účtovanie 
610 2 0 |a organizácie rozpočtové 
100 1 |a Kočner, Marián